Beste Wahlergebnisse in Landtagswahlen - Karten Quiz - Statistiken

Allgemein
  • Dieses Quiz wurde 205 mal gespielt
  • Das Durchschnittsergebnis liegt bei 5 aus 14
Antworten auf der Karte
Die Antworten werden auf der Karte rot bzw. grün angezeigt, abhängig davon wie oft sie richtig erraten wurden.
 
Antwortstatistiken
Antwort % Korrekt
CDU/CSU (62,1%, 1974)
93%
AfD (27,5%, 2019)
75%
Die Linke (31,0%, 2019)
64%
Grüne (32,6%, 2021)
62%
SPD (61,9%, 1963)
35%
FDP (31,8%, 1950)
33%
Schill-Partei (19,4%, 2001)
33%
Deutsche Volksunion (12,9%, 1998)
19%
BHE (23,4%,1950)
17%
Die Basis (1,7%, 2021)
15%
Zentrum (7,5%, 1950)
15%
Familie (3,0%, 2004)
10%
Tierschutzpartei (2,6%, 2019)
9%
Deutsche Partei (16,6%, 1955)
4%
Keine übereinstimmenden Quizze gefunden
Verteilung der Resultate
Anzahl Personen mit jedem Resultat
Perzentil nach korrekt beantworteten Fragen
Ihre Resultats-Entwicklung
Sie haben dieses Quiz noch nicht gespielt